000 00554nam a22002057a 4500
003 BUBTL
008 140129b xxu||||| |||| 00| 0 eng d
020 _a984-410-232-4
082 _a332.621
_bSIF
100 _959
_aSiddiq, Safiq A.
245 _aIssues in depreciation & investment policy
_cby Safiq A. Siddiq & Humayan
250 _a1st
260 _aDhaka,
_bMowla Brothers,
_cc2001.
300 _a100p
500 _aIncludes Index .
650 0 _918
_aFinance
856 _k0
_l0
_yDownload
942 _2ddc
_cBK
999 _c47
_d47